000 00550nam a2200157 4500
001 120476
003 ES-MaACL
005 20230906191547.0
007 t|
008 070214m19121913xxk r ||||1| eng d
245 0 0 _aPitman's commercial encyclopaedia and dictionary of business
_b: a reliable and comprehensive work of reference on all commercial subjects... /
_cedited by J. A. Slater, B. A., Ll. B.
260 _aLondon :
_bPitman,
_c[1912-13]
300 _a4 v. ;
_c29 x 19 cm.
700 1 _aSlater, J. A.
_9106768
852 _aES-MaACL
_jF-18-21
999 _c120476
_d120476